000 01307nam a2200373Ia 4500
001 ebr10112834
003 CaPaEBR
006 m u
007 cr cn|||||||||
008 030627s2003 caua s 001 0 eng d
020 _z0738427837
040 _aCaPaEBR
_cCaPaEBR
035 _a(OCoLC)614891726
050 1 4 _aTK5105.8885.W43
_bI26 2003eb
100 1 _aRodriguez, Juan R.
245 1 0 _aIBM WebSphere portal V4 developer's handbook
_h[electronic resource] /
_cJuan R. Rodriguez et al.
260 _aSan Jose, CA :
_bIBM Corp.,
_c2003.
300 _axvi, 360 p. :
_bill.
490 1 _aIBM redbooks
500 _aIncludes index.
533 _aElectronic reproduction.
_bPalo Alto, Calif. :
_cebrary,
_d2009.
_nAvailable via World Wide Web.
_nAccess may be limited to ebrary affiliated libraries.
630 0 0 _aWebSphere.
650 0 _aClient/server computing.
655 7 _aElectronic books.
_2local
700 1 _aCurlier, Jerome.
700 1 _aFrei, Werner.
700 1 _aHatzidakis, Denise.
700 1 _aMoetzel, Juergen.
700 1 _aTing, Nancy.
700 1 _aVanRaay, Shawn.
710 2 _aebrary, Inc.
830 0 _aIBM redbooks.
856 4 0 _uhttp://site.ebrary.com/lib/rucke/Doc?id=10112834
_zAn electronic book accessible through the World Wide Web; click to view
999 _c210737
_d210737